000
00276nam a22001217a 4500
003
SGT
082
_a
746.44
_b
LEW
100
_a
LEWIS, GARTH
245
_a
2000 COLOR COMBINATIONS FOR GRAPHIC TEXTILE
260
_b
BARRON'S PUBLISHER
_c
2009
300
_a
335
942
_2
ddc
_c
BK
_0
2
999
_c
13518
_d
13518